| 000 | 00917cab a2200385 4500 | ||
|---|---|---|---|
| 001 | ABS58413 | ||
| 008 | 090401t1998 xxu||||| |||| 00| 0 eng d | ||
| 035 | _a(Sirsi) u84838 | ||
| 041 | _aeng | ||
| 245 | _aFocus `98 Kent | ||
| 260 | _c1998 | ||
| 350 | _a0 | ||
| 490 |
_aEstates Gazette _v(9810) 7 March 1998, 89-125(16) |
||
| 650 | _aASHFORD | ||
| 650 | _aBLUEWATER REGIONAL SHOPPING CENTRE | ||
| 650 | _aCANTERBURY | ||
| 650 | _aCHANNEL TUNNEL | ||
| 650 | _aCHATHAM MARITIME | ||
| 650 | _aDARTFORD | ||
| 650 | _aDOVER | ||
| 650 | _aGRAVESEND | ||
| 650 | _aHOUSE BUILDERS | ||
| 650 | _aKENT | ||
| 650 | _aKINGS HILL | ||
| 650 | _aMAIDSTONE | ||
| 650 | _aMARGATE | ||
| 650 | _aMEDWAY | ||
| 650 | _aOFFICES | ||
| 650 | _aPORTS | ||
| 650 | _aRAMSGATE | ||
| 650 | _aRETAIL | ||
| 690 | _aPROPERTY-COMMERCIAL PROPERTY-COMMERCIAL PROPERTY MARKET | ||
| 942 | _n0 | ||
| 948 | _c12/03/1998 | ||
| 999 |
_c53348 _d53348 |
||